000 00834nam a2200265 a 4500
001 71588
003 BD-RjUL
005 20211209082131.0
008 170506s1968 nyua b 001 0 eng d
020 _a070651892
035 _a(BD-RjUL)71804
040 _aDLC
_cDLC
_dDLC
_dBD-RjUL
_beng
041 _aeng
082 0 0 _a660.28423
_223
_bTRM 1968
100 1 _aTreybal, Robert Ewald
_d1915-
_9209556
245 1 0 _aMass-transfer operations /
_cRobert E. Treybal.
250 _a2nd ed.
260 _aNew York :
_bMcGraw-Hill,
_cc1968.
300 _a717 p. :
_bill. ;
_c25 cm.
490 0 _aMcGraw-Hill chemical engineering series
504 _aIncludes bibliographical references and index.
650 0 _aMass transfer.
_9159950
_xChemical engineering
830 _aMcGraw-Hill chemical engineering series
_9235929
942 _2ddc
_cBK
999 _c71588
_d71588